000 00429nam a2200181Ia 4500
001 17832
005 20260306171546.0
008 260306s9999||||xx |||||||||||||| ||und||
041 _aESP
082 _a658.3
_bA43D
100 _aAlles, Martha Alicia
_eAUT
245 0 _aDesempeño por competencias:
_bevaluación de 360º
260 _c2008
300 _a
_c
650 _aGEN
654 _aCAN
942 _cLIB
_dJUS
_fJUS
_2ddc
_n
999 _c17832
_d17832